00683nam a2200169Ia 4500003000900000008004100009020001800050040001600068080002000084111008600104245017300190260004200363300002300405650004100428650002400469700002000493IN-BaIIA211028s9999 xx 000 0 eng d a90-277-0417-1 cIIA Library a524.5(063)bTHE aNATO Advanced Study institute on the interstellar MediumcGermanyd1973 Apr. 2-13 4aThe interStellar mediumbproceedings of the NATO Advanced Study Institute on the interStellar medium, held in Schliersee, Germany, April 2-13, 1973cedited by K. Pinkau aDordrechtbD. Reidel Publishingc1974 a[various pagings.] aAstronomy and Astrophysics thesaurus aInterStellar Matter aPinkau, K., ed.